| 000 | 00854nam a2200217 a 4500 | ||
|---|---|---|---|
| 003 | OSt | ||
| 005 | 20150408114120.0 | ||
| 008 | 130224s2012 ua a g b 000 0 ara d | ||
| 020 | _a9789773582543 | ||
| 040 | _aMa-Un | ||
| 082 | 0 | 4 |
_221 _a539.722 _bك ع أ |
| 100 | 1 |
_921628 _aالكناني، عذاب الطاهر. |
|
| 245 | 1 | 0 |
_aأساسيات الإشعاع المؤين والكشف عنه = _bPrincipals of ionizing radiation and detection / _cتأليف عذاب طاهر الكناني. |
| 246 | 3 | 1 | _aPrincipals of ionizing radiation and detection |
| 250 | _aط. 1. | ||
| 260 |
_aالقاهرة : _bدار الفجر للنشر والتوزيع، _c2012 |
||
| 300 |
_a418 ص. : _bجداول، رسوم ؛ _c24 سم. |
||
| 504 | _aببليوجرافية : ص. 418. | ||
| 650 | 7 |
_aالإشعاع النووي _921778 _2aucsh |
|
| 942 |
_2ddc _cBOOK |
||
| 999 |
_c28207 _d262707 |
||